| 000 | 01167nam a22002777a 4500 | ||
|---|---|---|---|
| 008 | 130821s2012 ck a gr spa | ||
| 020 | _a9789588755366 | ||
| 040 |
_aCO-BoUCM _bspa _cJavier Garzón _dHenry Ríos |
||
| 041 | 0 | 0 | _aspa |
| 082 | 0 | 4 |
_a344.046 _220 |
| 100 | 1 |
_aAgudelo Sánchez, Luz Elena _933238 |
|
| 245 | 1 | 3 |
_aEl principio de precaución medioambiental en el estado Colombiano _cLuz Elena Agudelo Sánchez, Fausto Enrique Huerta Gutiérrez |
| 260 |
_aPereira (Risaralda, Colombia) _bUniversidad Libre _c2012 |
||
| 300 |
_a172 páginas _bilustraciones, gráficas |
||
| 504 | _aIncluye referencias bibliográficas | ||
| 650 | 4 |
_aPrincipio de precaución _zColombia _934550 |
|
| 650 | 7 |
_aControl ambiental _zColombia _934548 |
|
| 650 | 7 |
_aDerecho ambiental _zColombia _934549 |
|
| 650 | 7 |
_aProtección del medio ambiente _zColombia _934551 |
|
| 651 | 4 |
_aColombia _xAdministración pública _927454 |
|
| 690 | _aAdministración pública | ||
| 690 | _aDerecho ambiental | ||
| 700 | 1 |
_aHuerta Gutiérrez, Fausto Enrique _933239 |
|
| 710 | 1 |
_aUniversidad Libre (Seccional Pereira) _933231 |
|
| 942 |
_cLIBRO _a8 _e1 _mA282 _2DEWEY _h344.046 |
||
| 999 |
_c165808 _d165808 |
||